01422cam a2200385 i 450000100090000000300040000900500170001300800410003001000170007102000180008802000250010602000220013104000280015304200080018105000220018908200180021110000270022924501420025625000200039826400370041830000500045533600260050533700280053133800270055949000270058650000870061350000200070065000280072070000210074870000260076990600450079594200420084095201370088299900170101919402937OSt20230926144415.0161209r20182006nyua 001 0 eng  a 2016055062 a9789353432270 a9780134689586 (pbk.) a0134689585 (pbk.) aDLCbengcDLCerdadDLC apcc00aQA371b.P565 201800a515.35bPOL/D1 aPolking, John C.9961610aDifferential equations /cJohn Polking, Rice University, Albert Boggess, Arizona State University, David Arnold, College of the Redwoods. aSecond edition. 1aNew York, NY :bPearson,c[2018] a599 p :billustrations (some color) ;c26 cm. atextbtxt2rdacontent aunmediatedbn2rdamedia avolumebnc2rdacarrier0 aPearson modern classic aOriginally published in 2006, reissued as part of Pearson's modern classic series. aIncludes index. 0aDifferential equations.1 aBoggess, Albert.1 aArnold, David,d1945- a7bcbccorignewd1eecipf20gy-gencatlg 2ddccBKh515.35iPOL/Dk515.35mPOL/D 00102ddc40708MATHEMATICSaMESbMEScMATd2023-09-26l0o515.35 POL/Dp42717r2023-09-26 14:43:27v715.00w2023-09-26yBKzGL24R3 c42422d42422